[Event "Plymouth (MI Op/7/26)"]
[Site "?"]
[Date "1984.??.??"]
[Round "?"]
[White "Robinson, Dave"]
[Black "Kebrdle, M.."]
[Result "1/2-1/2"]
[WhiteElo "1760"]
[BlackElo "1975"]
[PlyCount "86"]
[EventDate "1984.??.??"]

{7/(26)} 1. e4 c6 2. Nc3 d5 3. Qf3 dxe4 4. Nxe4 Nf6 5. Bc4 e6 6. Nxf6+ Qxf6 7.
Qxf6 gxf6 8. d4 Bd6 9. Bd2 Rg8 10. Ne2 b5 11. Bd3 h5 12. g3 Bb7 13. Rg1 Nd7 14.
h4 f5 15. Bf4 Ke7 16. O-O-O a5 17. d5 e5 18. dxc6 Bxc6 19. Nc3 exf4 20. Rge1+
Kd8 21. Nxb5 Bxb5 22. Bxb5 Kc7 23. Rd5 fxg3 24. fxg3 Rxg3 25. Red1 Bf4+ 26. Kb1
Ne5 27. a4 f6 28. Rc5+ Kb7 29. Rd6 Be3 30. Rcd5 Rf8 31. Re6 Rg7 32. Be2 f4 33.
Bxh5 Nc6 34. Rb5+ Kc7 35. c3 Kd7 36. Re4 Kd6 37. Rc4 Ne5 38. Re4 Nc6 39. Rc4
Ne5 40. Re4 Nc6 41. Rc4 f5 42. Bf3 Ne5 43. Rd5+ Ke6 1/2-1/2

[Event "Plymouth (MI Op/2/73)"]
[Site "?"]
[Date "1984.??.??"]
[Round "?"]
[White "Robes, S.."]
[Black "Reno, G.."]
[Result "1-0"]
[WhiteElo "1670"]
[BlackElo "1605"]
[PlyCount "69"]
[EventDate "1984.??.??"]

{2/(73)} 1. f4 c5 2. e4 d6 3. d3 Nc6 4. Nf3 Bg4 5. Be2 Nf6 6. Nbd2 Qa5 7. c3 e6
8. O-O b5 9. a3 Qb6 10. Kh1 a6 11. b4 c4 12. dxc4 bxc4 13. Nxc4 Qc7 14. e5 dxe5
15. fxe5 Ne4 16. Qd3 Bf5 17. Qe3 Rd8 18. Nd4 Nxd4 19. cxd4 Qb7 20. Bf3 Qb5 21.
Be2 Rc8 22. Nd6+ Nxd6 23. Bxb5+ Nxb5 24. Bd2 a5 25. Rac1 Rc7 26. Rxc7 Nxc7 27.
Rc1 Nd5 28. Qb3 axb4 29. Qa4+ Ke7 30. Qa7+ Kd8 31. Bxb4 Bxb4 32. axb4 Nxb4 33.
Qc7+ Ke8 34. Qb8+ Ke7 35. Rc7# 1-0

[Event "Plymouth (MI Op/6/60)"]
[Site "?"]
[Date "1984.??.??"]
[Round "?"]
[White "Robes, S.."]
[Black "Nolan, N.."]
[Result "1-0"]
[WhiteElo "1670"]
[BlackElo "1605"]
[PlyCount "63"]
[EventDate "1984.??.??"]

{6/(60)} 1. e4 e5 2. Nf3 Nc6 3. Bb5 d6 4. h3 Nf6 5. Nc3 Be7 6. O-O O-O 7. Re1
Be6 8. Bxc6 bxc6 9. b3 Qc8 10. Kh2 Re8 11. Bb2 Nh5 12. Nxe5 Nf4 13. Ng4 h5 14.
Qf3 Bg5 15. Ne3 Ng6 16. Ne2 f6 17. Rad1 Kf7 18. Nf5 Rh8 19. Ned4 Ne5 20. Qc3 g6
21. Nxe6 Qxe6 22. Nd4 Qd7 23. Rf1 Bf4+ 24. g3 Bh6 25. f4 Ng4+ 26. Kg2 Bg7 27.
Qxc6 Qc8 28. Qd5+ Ke7 29. Nc6+ Kf8 30. Nd4 Rb8 31. Ne6+ Kg8 32. Ng5+ 1-0

[Event "Plymouth (MI Op/4/32)"]
[Site "?"]
[Date "1984.??.??"]
[Round "?"]
[White "Robes, S.."]
[Black "Kelman, S.."]
[Result "0-1"]
[WhiteElo "1670"]
[BlackElo "1605"]
[PlyCount "68"]
[EventDate "1984.??.??"]

{4/(32)} 1. f4 Nf6 2. Nc3 d5 3. d3 Nc6 4. Nf3 Bg4 5. d4 Bxf3 6. exf3 e6 7. a3
a6 8. Be3 Bd6 9. Be2 Ne7 10. Qd2 Nf5 11. Bf2 Nd7 12. g3 c5 13. O-O Nxd4 14. b4
Nc6 15. Na2 O-O 16. c3 b5 17. Kg2 c4 18. Rfe1 Bc7 19. Rad1 Bb6 20. Bf1 Qf6 21.
Bxb6 Nxb6 22. Qe3 Na4 23. h4 h5 24. Kh3 Rad8 25. Bg2 d4 26. Qe4 Qf5+ 27. Qxf5
exf5 28. g4 Nxc3 29. Nxc3 dxc3 30. Rc1 Rd3 31. gxh5 Nd4 32. Kg3 c2 33. Kf2 Rd2+
34. Ke3 c3 0-1

[Event "East Detroit (MCO/5/47)"]
[Site "?"]
[Date "1984.??.??"]
[Round "?"]
[White "Roberts, Kenneth"]
[Black "Keeley, G.."]
[Result "1-0"]
[WhiteElo "1605"]
[BlackElo "1605"]
[PlyCount "77"]
[EventDate "1984.??.??"]

{5/(47)} 1. d4 Nf6 2. c4 e6 3. Nf3 h6 4. a3 c5 5. d5 d6 6. Nc3 b6 7. e4 e5 8.
Bd3 Be7 9. O-O Bd7 10. Be3 Nh5 11. Nxe5 dxe5 12. Qxh5 Bf6 13. Bd2 Na6 14. f4
Qe7 15. Ne2 O-O 16. Bc3 exf4 17. Rxf4 Bxc3 18. Nxc3 Qg5 19. Qh4 f5 20. Raf1
fxe4 21. Rxf8+ Rxf8 22. Rxf8+ Kxf8 23. Qxg5 hxg5 24. Nxe4 g4 25. Kf2 Bf5 26.
Kg3 Nb8 27. Nf2 g6 28. Bxf5 gxf5 29. Kf4 g3 30. hxg3 Kg7 31. Kxf5 Kf7 32. Ne4
a5 33. g4 Nd7 34. g5 Nf8 35. g4 a4 36. Nd6+ Kg7 37. Nc8 Nd7 38. Ke6 Nf8+ 39.
Kd6 1-0

[Event "East Detroit (MCO/4/42)"]
[Site "?"]
[Date "1984.??.??"]
[Round "?"]
[White "Roberts, Kenneth"]
[Black "Golonka, Stan"]
[Result "1/2-1/2"]
[WhiteElo "1605"]
[BlackElo "1605"]
[PlyCount "76"]
[EventDate "1984.??.??"]

{4/(42)} 1. d4 d5 2. c4 e6 3. Nc3 c6 4. Nf3 Bb4 5. Qc2 Bxc3+ 6. Qxc3 Nf6 7. Bg5
Nbd7 8. e3 Qc7 9. Bf4 Qd8 10. c5 Ne4 11. Qc2 Qa5+ 12. Nd2 Ndf6 13. a3 Nxd2 14.
Qxd2 Qxd2+ 15. Kxd2 Ne4+ 16. Ke2 Ke7 17. f3 Nf6 18. Bd6+ Kd7 19. Kf2 Ne8 20.
Bg3 g6 21. Bd3 Rg8 22. h4 h5 23. Bf4 Ke7 24. g4 Ng7 25. Bd6+ Kd7 26. Rhg1 b5
27. b4 Bb7 28. Rae1 a5 29. Rb1 axb4 30. axb4 Ra3 31. Be2 Rga8 32. Be5 Ne8 33.
gxh5 gxh5 34. Bh2 Nf6 35. Rg7 Ke8 36. Be5 Nd7 37. Bd6 Nf6 38. Be5 Ke7 1/2-1/2

[Event "Plymouth (MI Op/6/41)"]
[Site "?"]
[Date "1984.??.??"]
[Round "?"]
[White "Riegel, P.."]
[Black "Richardson, R.."]
[Result "1/2-1/2"]
[WhiteElo "1875"]
[BlackElo "1665"]
[PlyCount "102"]
[EventDate "1984.??.??"]

{6/(41)} 1. e4 d5 2. exd5 Nf6 3. d4 Nxd5 4. c4 Nb6 5. Nf3 Bg4 6. c5 Nd5 7. Bc4
e6 8. Qb3 Bxf3 9. Qxf3 Nc6 10. Bb5 Ndb4 11. Qb3 Qxd4 12. Be3 Qe4 13. O-O Nd5
14. Nd2 Qb4 15. Bxc6+ bxc6 16. Qxb4 Nxb4 17. a3 Nc2 18. Rac1 Nxe3 19. fxe3 a5
20. Ne4 Be7 21. Rfd1 O-O 22. Rd7 Bd8 23. Rcd1 h6 24. Nd2 Ra7 25. Nc4 Bf6 26. b3
Rb8 27. R1d3 Kf8 28. Nd6 Rd8 29. Rxd8+ Bxd8 30. Nxf7 Bf6 31. Nd8 Bxd8 32. Rxd8+
Ke7 33. Rd3 e5 34. Kf2 Ke6 35. e4 Rb7 36. Kg3 Rb8 37. Kf2 Rf8+ 38. Ke2 Rf4 39.
Re3 Rf8 40. Rd3 Rf4 41. Re3 Rf8 42. g3 Rd8 43. Rd3 Rf8 44. Rc3 Rb8 45. Rd3 Rf8
46. h3 g6 47. Rf3 Rd8 48. Rd3 Rf8 49. h4 Rb8 50. Rc3 h5 51. Rf3 Rd8 1/2-1/2

[Event "Plymouth (MI Op/4/47)"]
[Site "?"]
[Date "1984.??.??"]
[Round "?"]
[White "Riegel, P.."]
[Black "Hale, M.."]
[Result "1-0"]
[WhiteElo "1875"]
[BlackElo "1605"]
[PlyCount "111"]
[EventDate "1984.??.??"]

{4/(47)} 1. e4 c5 2. Nf3 d6 3. d4 cxd4 4. Nxd4 Nf6 5. Nc3 g6 6. Nd5 Nxd5 7.
Bb5+ Bd7 8. exd5 Bxb5 9. Nxb5 Qa5+ 10. Nc3 Bg7 11. Bd2 O-O 12. h4 Nd7 13. Qf3
Ne5 14. Qe2 Qc7 15. h5 Qc4 16. hxg6 Qxe2+ 17. Kxe2 fxg6 18. Ne4 Nf7 19. Rh3 h6
20. Rah1 Rae8 21. Kd1 e6 22. Rf3 exd5 23. Rxf7 Rxf7 24. Nxd6 Ref8 25. Nxf7 Rxf7
26. f3 Bxb2 27. Rxh6 Kg7 28. Rh4 Bf6 29. Rg4 Re7 30. Bb4 Re6 31. Kd2 Be7 32.
Kd3 Bf6 33. a4 Re8 34. a5 Rd8 35. Bc5 a6 36. Rb4 Rd7 37. f4 Kf7 38. g4 Bh4 39.
Rb1 Bf6 40. Bd4 g5 41. Bxf6 Kxf6 42. Rb6+ Kf7 43. f5 Re7 44. Kd4 Re4+ 45. Kxd5
Rxg4 46. Ke5 Ra4 47. Rxb7+ Kf8 48. Kf6 Ke8 49. Kg7 Rxa5 50. f6 Rf5 51. f7+
Rxf7+ 52. Rxf7 g4 53. Kf6 Kd8 54. Ke6 g3 55. Rg7 Kc8 56. Kd6 1-0

[Event "Plymouth (MI Op/2/35)"]
[Site "?"]
[Date "1984.??.??"]
[Round "?"]
[White "Riegel, P.."]
[Black "Dmuchowski, Frank"]
[Result "1-0"]
[WhiteElo "1875"]
[BlackElo "1605"]
[PlyCount "97"]
[EventDate "1984.??.??"]

{2/(35)} 1. e4 e5 2. Nf3 Nc6 3. Bc4 Nf6 4. d4 exd4 5. O-O Bc5 6. e5 d5 7. exf6
dxc4 8. Re1+ Be6 9. Ng5 Qxf6 10. Nxe6 fxe6 11. Qh5+ g6 12. Qxc5 Rf8 13. Rf1 e5
14. Qxc4 O-O-O 15. Nd2 Qf5 16. Qd3 Nb4 17. Qxf5+ gxf5 18. c3 Nd3 19. cxd4 Nxc1
20. Raxc1 exd4 21. Nf3 Rd5 22. Rfd1 Rfd8 23. Rc4 c5 24. b4 b6 25. bxc5 bxc5 26.
Rdc1 d3 27. Rxc5+ Rxc5 28. Rxc5+ Kb7 29. Rc1 Rd5 30. Rd1 Rc5 31. h3 Ra5 32. Rd2
Kc6 33. Ne1 Kc5 34. Nxd3+ Kc4 35. Nf4 Kc3 36. Re2 Ra4 37. g3 Re4 38. Rxe4 fxe4
39. Kf1 a5 40. Ke2 Kb2 41. a4 Kb3 42. Ke3 Kxa4 43. Kxe4 Kb3 44. Kd3 a4 45. Nd5
a3 46. Nc3 a2 47. Nxa2 Kxa2 48. f4 Kb3 49. f5 1-0

[Event "Plymouth (MI Op/1b/22)"]
[Site "?"]
[Date "1984.??.??"]
[Round "?"]
[White "Richardson, R.."]
[Black "Skidmore, Mike"]
[Result "0-1"]
[WhiteElo "1665"]
[BlackElo "1905"]
[PlyCount "48"]
[EventDate "1984.??.??"]

1. Nf3 c5 2. c4 Nc6 3. g3 Nf6 4. Bg2 g6 5. b3 Bg7 6. Bb2 O-O 7. O-O d6 8. h3
Bd7 9. Na3 Qc8 10. Kh2 Ng4+ 11. hxg4 Bxb2 12. Nc2 Bxa1 13. Qxa1 Bxg4 14. Rh1
Rb8 15. Kg1 Bxf3 16. Bxf3 Ne5 17. Kg2 b5 18. Rh6 f5 19. cxb5 Rxb5 20. Ne3 Nxf3
21. exf3 e6 22. Nc4 Qa6 23. Qb2 Rb7 24. d4 Qxc4 0-1

[Event "Plymouth (MI Op/5/63)"]
[Site "?"]
[Date "1984.??.??"]
[Round "?"]
[White "Richardson, R.."]
[Black "Nixon, Peter"]
[Result "1-0"]
[WhiteElo "1665"]
[BlackElo "1605"]
[PlyCount "65"]
[EventDate "1984.??.??"]

{5/(63)} 1. Nf3 Nf6 2. c4 e6 3. b3 Bb4 4. Bb2 O-O 5. g3 d5 6. Bg2 Nc6 7. e3
dxc4 8. bxc4 Qd3 9. Bf1 Qe4 10. Nc3 Bxc3 11. Bxc3 b6 12. d3 Qf5 13. Nh4 Qg5 14.
Bg2 Bb7 15. O-O Rad8 16. Nf3 Qf5 17. d4 Rfe8 18. Qa4 Qh5 19. Nh4 Na5 20. Bxb7
Nxb7 21. Qxa7 Nd6 22. Qa4 g5 23. d5 Nde4 24. Bxf6 Nxf6 25. Ng2 Ng4 26. h4 gxh4
27. Nxh4 exd5 28. cxd5 Qxd5 29. Qxg4+ Kh8 30. Rfd1 Qc6 31. Rxd8 Rxd8 32. Nf5
Rg8 33. Qxg8+ 1-0

[Event "Plymouth (MI Op/3/28)"]
[Site "?"]
[Date "1984.??.??"]
[Round "?"]
[White "Richardson, R.."]
[Black "Hahn, David"]
[Result "0-1"]
[WhiteElo "1665"]
[BlackElo "2100"]
[PlyCount "72"]
[EventDate "1984.??.??"]

{3/(28)} 1. Nf3 g6 2. g3 Bg7 3. Bg2 c5 4. c4 Nc6 5. O-O e5 6. Nc3 Nge7 7. d3
O-O 8. Ne4 d6 9. Bg5 f6 10. Bd2 Be6 11. Rb1 a5 12. a4 b6 13. Nc3 d5 14. cxd5
Nxd5 15. Nb5 Qd7 16. Kh1 Rad8 17. Ng1 Nd4 18. Nxd4 exd4 19. h4 Rfe8 20. Kh2 Re7
21. b3 Rde8 22. Be4 f5 23. Bf3 h6 24. Qc1 Kh7 25. Re1 Nb4 26. Nh3 Bf7 27. Rb2
Nc6 28. Rb1 Ne5 29. Ng1 Bd5 30. Qc2 Nxf3+ 31. exf3 Rxe1 32. Rxe1 Rxe1 33. Bxe1
Qe6 34. Bd2 Bxb3 35. Qb2 Bxa4 36. f4 Qb3 0-1

[Event "Plymouth (MI Op/1b/40)"]
[Site "?"]
[Date "1984.??.??"]
[Round "?"]
[White "Reno, G.."]
[Black "Staples, Christian"]
[Result "0-1"]
[WhiteElo "1605"]
[BlackElo "1605"]
[PlyCount "62"]
[EventDate "1984.??.??"]

1. e4 d6 2. Nc3 Nf6 3. Nf3 g6 4. h3 Bg7 5. Bc4 O-O 6. d3 a5 7. b3 c6 8. a4 Nxe4
9. dxe4 Bxc3+ 10. Bd2 Bxa1 11. Qxa1 d5 12. Bh6 f6 13. exd5 cxd5 14. Bd3 Rf7 15.
O-O Nc6 16. Rd1 e5 17. Nh4 f5 18. g3 Qf6 19. Ng2 g5 20. Bxg5 Qxg5 21. c4 d4 22.
c5 Be6 23. h4 Qf6 24. Kh2 Bxb3 25. Rc1 Bd5 26. Ne1 f4 27. gxf4 Qxf4+ 28. Kh3
Be6+ 29. Kg2 Qxf2+ 30. Kh1 Bd5+ 31. Ng2 Qxg2# 0-1

[Event "Plymouth (MI Op/7/75)"]
[Site "?"]
[Date "1984.??.??"]
[Round "?"]
[White "Reno, G.."]
[Black "Rencsok, R.."]
[Result "1-0"]
[WhiteElo "1605"]
[BlackElo "1605"]
[PlyCount "61"]
[EventDate "1984.??.??"]

{7/(75)} 1. e4 e6 2. d4 d5 3. exd5 exd5 4. Nc3 Be6 5. g3 c6 6. Nf3 Bd6 7. Bg2
Nd7 8. O-O h6 9. Re1 Qc7 10. Re2 O-O-O 11. Qe1 Nf8 12. Na4 Nf6 13. Ne5 Re8 14.
Nd3 g5 15. Ndc5 Bd7 16. Rxe8+ Bxe8 17. Qe2 N8d7 18. Nxd7 Bxd7 19. c4 Re8 20.
Be3 dxc4 21. Qxc4 Be6 22. Qd3 Bd5 23. Qf5+ Re6 24. Bxd5 Nxd5 25. Rc1 Qe7 26.
Bd2 Kc7 27. Qc2 Re2 28. Kf1 Qe4 29. Ba5+ b6 30. Qxc6+ Kb8 31. Qc8# 1-0

[Event "Plymouth (MI Op/3/86)"]
[Site "?"]
[Date "1984.??.??"]
[Round "?"]
[White "Reno, G.."]
[Black "Keck, M.."]
[Result "1-0"]
[WhiteElo "1605"]
[BlackElo "1605"]
[PlyCount "61"]
[EventDate "1984.??.??"]

{3/(86)} 1. e4 c6 2. Nf3 d5 3. exd5 cxd5 4. Bb5+ Bd7 5. Bxd7+ Qxd7 6. d3 Nc6 7.
O-O e5 8. Re1 Bd6 9. Nc3 Nf6 10. Bg5 d4 11. Nb5 Qe6 12. Nbxd4 Nxd4 13. Bxf6
Nxf3+ 14. Qxf3 Qxf6 15. Qxb7 O-O 16. Re2 Rfe8 17. Rae1 Qe7 18. Qd5 Qe6 19. Qc6
Qxa2 20. Qxd6 Qxb2 21. h3 h6 22. Qd5 Rac8 23. c4 Qb8 24. Rxe5 Rcd8 25. Rxe8+
Rxe8 26. Rxe8+ Qxe8 27. g3 Qe1+ 28. Kg2 a5 29. c5 Kf8 30. c6 Qc3 31. Qd8# 1-0

[Event "Plymouth (MI Op/5/78)"]
[Site "?"]
[Date "1984.??.??"]
[Round "?"]
[White "Reno, G.."]
[Black "DeJongh, John"]
[Result "0-1"]
[WhiteElo "1605"]
[BlackElo "1605"]
[PlyCount "56"]
[EventDate "1984.??.??"]

{5/(78)} 1. e4 e5 2. Nf3 Nc6 3. Bc4 Bc5 4. Nc3 Nf6 5. d3 O-O 6. O-O h6 7. h3 d6
8. Be3 a6 9. Qd2 Bxe3 10. Qxe3 Na5 11. b3 b5 12. Bd5 c6 13. Bxc6 Nxc6 14. Nh4
Nd4 15. Rac1 Bb7 16. Qg3 Bc8 17. b4 Nh5 18. Qh2 Qxh4 19. Rfe1 Qg5 20. Qh1 Nf3+
21. Kf1 Nxe1 22. Rxe1 Bb7 23. Re3 Qxe3 24. fxe3 Ng3+ 25. Kg1 Nxh1 26. Kxh1 f5
27. exf5 Rxf5 28. e4 Rf2 0-1

[Event "Plymouth (MI Op/5/77)"]
[Site "?"]
[Date "1984.??.??"]
[Round "?"]
[White "Rencsok, R.."]
[Black "Fawaz, Mahmoud"]
[Result "1-0"]
[WhiteElo "1605"]
[BlackElo "1605"]
[PlyCount "79"]
[EventDate "1984.??.??"]

{5/(77)} 1. d4 d5 2. Bg5 f6 3. Bf4 Nc6 4. Nf3 Bf5 5. a3 e6 6. e3 Bd6 7. Bg3
Nge7 8. Nbd2 Bxg3 9. hxg3 Qd6 10. Nb3 Bg4 11. Bd3 h6 12. c3 e5 13. Qc2 e4 14.
Bxe4 dxe4 15. Qxe4 Bf5 16. Qh4 O-O-O 17. g4 g5 18. Qh3 Bg6 19. Qh2 Qxh2 20.
Rxh2 h5 21. gxh5 Rxh5 22. Rxh5 Bxh5 23. Nfd2 Rh8 24. f3 Bg6 25. O-O-O Rh2 26.
Rg1 Bd3 27. Nc5 Bg6 28. e4 b6 29. Nd3 Kb7 30. Nf2 Bh5 31. Nf1 Rxg2 32. Rxg2
Bxf3 33. Rg3 Bh5 34. Ne3 Ng6 35. Kd2 Nf4 36. Nfg4 Na5 37. Kc2 Ne2 38. Rg2 Nf4
39. Rf2 Ne6 40. Rxf6 {[1-0, 60?]} 1-0

[Event "Plymouth (MI Op/2/38)"]
[Site "?"]
[Date "1984.??.??"]
[Round "?"]
[White "Rencsok, R.."]
[Black "Bolda, Dan H"]
[Result "0-1"]
[WhiteElo "1605"]
[BlackElo "1895"]
[PlyCount "99"]
[EventDate "1984.??.??"]

{2/(38)} 1. d4 Nf6 2. Bg5 d6 3. e3 Ne4 4. h4 c5 5. Bd3 Qa5+ 6. c3 Nxg5 7. hxg5
cxd4 8. g6 fxg6 9. Bxg6+ Kd8 10. exd4 Qg5 11. Be4 Nd7 12. Nf3 Qg4 13. Qd3 Nf6
14. Nbd2 Nxe4 15. Qxe4 Qxe4+ 16. Nxe4 h6 17. O-O-O Rg8 18. Rhg1 g5 19. Ne1 Bg7
20. Nd3 Be6 21. Kb1 Kd7 22. f3 b5 23. Nb4 a5 24. d5 Bf5 25. Nc6 e6 26. Nd4
Bxe4+ 27. fxe4 Bxd4 28. dxe6+ Kxe6 29. cxd4 h5 30. Rdf1 Rgf8 31. Kc2 Rf4 32.
Kd3 Raf8 33. Rxf4 Rxf4 34. Ke3 d5 35. e5 Re4+ 36. Kd3 h4 37. Rf1 Rg4 38. Rf2 b4
39. b3 Rg3+ 40. Ke2 g4 41. Rf6+ Ke7 42. Kf2 Rd3 43. Rh6 Rxd4 44. Rxh4 Ke6 45.
Kg3 Kxe5 46. Rxg4 Rxg4+ 47. Kxg4 Ke4 48. Kh3 d4 49. g4 d3 50. g5 0-1

[Event "Plymouth (MI Op/6/80)"]
[Site "?"]
[Date "1984.??.??"]
[Round "?"]
[White "Redding, T.."]
[Black "Reno, G.."]
[Result "1-0"]
[WhiteElo "1605"]
[BlackElo "1605"]
[PlyCount "70"]
[EventDate "1984.??.??"]

{6/(80)} 1. d4 d5 2. c3 Nf6 3. f3 e6 4. Bg5 h6 5. Bxf6 Qxf6 6. Nd2 b6 7. e4
dxe4 8. Nxe4 Qe7 9. Bd3 Bb7 10. Ne2 c5 11. N2g3 cxd4 12. Qa4+ Nd7 13. Qxd4 a6
14. O-O Qd8 15. Nd6+ Bxd6 16. Qxd6 Qg5 17. Rae1 b5 18. Qc7 Nc5 19. b4 Nxd3 20.
Qxb7 O-O 21. Re2 Rfe8 22. Ne4 Qe5 23. Qd7 Nf4 24. Qd4 Nxe2+ 25. Kf2 Nxd4 26.
cxd4 Qxd4+ 27. Ke1 Qe3+ 28. Kd1 Rac8 29. Nc5 Red8+ 30. Kc2 Qd2+ 31. Kb1 Qxg2
32. Rc1 Rd2 33. Nb3 Rxa2 34. Rxc8+ Kh7 35. Kc1 Qg1# 1-0

[Event "Plymouth (MI Op/3/79)"]
[Site "?"]
[Date "1984.??.??"]
[Round "?"]
[White "Redding, T.."]
[Black "Owens, James"]
[Result "0-1"]
[WhiteElo "1605"]
[BlackElo "1825"]
[PlyCount "98"]
[EventDate "1984.??.??"]

{3/(79)} 1. d4 Nf6 2. c3 d5 3. Bg5 e6 4. Nf3 c5 5. e3 Nc6 6. Bb5 Be7 7. Ne5 Qc7
8. f4 O-O 9. Bd3 Nxe5 10. fxe5 Ne8 11. Bf4 Qb6 12. b3 f6 13. Qh5 g6 14. Qh4
fxe5 15. Bg5 Bxg5 16. Qxg5 exd4 17. Rf1 Rxf1+ 18. Bxf1 Nd6 19. g4 Ne4 20. Qe7
Nd6 21. Nd2 dxc3 22. Nf3 Qc6 23. Ne5 Qe8 24. Qxd6 b6 25. Bb5 Qf8 26. Qxf8+ Kxf8
27. Nd7+ Ke7 28. Bc6 Bxd7 29. Bxa8 b5 30. Bb7 Kd6 31. Ba6 Ke5 32. a4 b4 33. Bb5
Bc8 34. Be8 Ke4 35. Ke2 e5 36. a5 Bxg4+ 37. Kf2 Kd3 38. Rg1 c2 39. Kg3 Bf5 40.
Bc6 Be4 41. Bb5+ Kd2 42. Kf2 c1=Q 43. Rxc1 Kxc1 44. Be2 Kc2 45. Ke1 Kxb3 46.
Kf2 c4 47. h4 c3 48. Ke1 c2 49. Kd2 Kb2 0-1

[Event "Plymouth (MI Op/1a/33)"]
[Site "?"]
[Date "1984.??.??"]
[Round "?"]
[White "Redding, T.."]
[Black "LaBoda, M.."]
[Result "0-1"]
[WhiteElo "1605"]
[BlackElo "1605"]
[PlyCount "98"]
[EventDate "1984.??.??"]

1. d4 d5 2. Bg5 g6 3. e3 Bg7 4. Nc3 Nf6 5. Nf3 O-O 6. Bb5 a6 7. Ba4 c6 8. Ne2
Qa5+ 9. Nc3 Ne4 10. O-O Nxc3 11. Qd2 Qxa4 12. Qxc3 Re8 13. a3 c5 14. b3 Qc6 15.
Rad1 Bg4 16. Qxc5 Bxf3 17. gxf3 Qe6 18. f4 b6 19. Qb4 a5 20. Qb5 Nd7 21. Rfe1
h6 22. Bh4 Qg4+ 23. Bg3 h5 24. Qxd5 Nf6 25. Qg5 Qxg5 26. fxg5 Ne4 27. Bf4 Rec8
28. c4 a4 29. f3 Nd6 30. Rd3 axb3 31. Rxb3 Nxc4 32. Rd1 Rxa3 33. Rb4 Nxe3 34.
Re1 Nc2 35. Rc1 Rcc3 36. Rxb6 Bxd4+ 37. Kg2 Bxb6 38. Rf1 Rxf3 39. Rxf3 Ne1+ 40.
Kf1 Rxf3+ 41. Kxe1 Rxf4 42. Ke2 e5 43. h3 e4 44. h4 e3 45. Ke1 Rf2 46. Kd1 Ba5
47. Kc1 e2 48. Kc2 e1=Q+ 49. Kb3 Qb4# 0-1

[Event "Plymouth (MI Op/4/83)"]
[Site "?"]
[Date "1984.??.??"]
[Round "?"]
[White "Redding, T.."]
[Black "Fawaz, Mohamad"]
[Result "0-1"]
[WhiteElo "1605"]
[BlackElo "1605"]
[PlyCount "78"]
[EventDate "1984.??.??"]

{4/(83)} 1. d4 d5 2. Bg5 f6 3. Bh4 Nc6 4. c3 e6 5. Qa4 Bd7 6. e3 e5 7. Be2 Nxd4
8. Qd1 Nf5 9. Nf3 e4 10. Qxd5 exf3 11. Qe4+ Be7 12. Bxf3 Nxh4 13. Qxh4 f5 14.
Qd4 Bf6 15. Qd3 c6 16. Qd6 Ne7 17. Bh5+ Ng6 18. g3 Be7 19. Qd3 O-O 20. O-O Ne5
21. Qe2 g6 22. Bf3 Nxf3+ 23. Qxf3 Bd6 24. Rd1 Bc5 25. Rd3 a5 26. Qd1 Rf7 27.
Na3 a4 28. b4 axb3 29. Nc4 Qe8 30. Qxb3 Be6 31. Rad1 b5 32. Qc2 Bxc4 33. R3d2
Rxa2 34. Rd8 Rxc2 35. Rxe8+ Kg7 36. Rdd8 Ra7 37. Ra8 Bd5 38. h4 Rc1+ 39. Kh2
Rh1# 0-1

[Event "Plymouth (MI Op/6/63)"]
[Site "?"]
[Date "1984.??.??"]
[Round "?"]
[White "Rankin, H.."]
[Black "Herzog, M.."]
[Result "1-0"]
[WhiteElo "1605"]
[BlackElo "1620"]
[PlyCount "79"]
[EventDate "1984.??.??"]

{6/(63)} 1. c4 Nf6 2. Nc3 e6 3. g3 c6 4. Nf3 d5 5. cxd5 exd5 6. d4 Bd6 7. Bg2
Bf5 8. Ne5 Ne4 9. Nxe4 dxe4 10. O-O Qc7 11. Nc4 Be7 12. Nd2 Nd7 13. Nxe4 O-O
14. Nc3 Nf6 15. e4 Be6 16. Bf4 Qd7 17. Qd2 Bh3 18. f3 Be6 19. Kh1 Bc4 20. Rf2
Rad8 21. Rd1 Bb4 22. a3 Ba5 23. b4 Bb6 24. Be3 Bb3 25. Rb1 Bxd4 26. Rxb3 Bxe3
27. Qxe3 Qd4 28. Nb1 Qxe3 29. Rxe3 Rd1+ 30. Rf1 Rfd8 31. Rfe1 a5 32. e5 Rxe1+
33. Rxe1 Nd5 34. Rd1 Re8 35. f4 axb4 36. axb4 Ne3 37. Re1 Nxg2 38. Kxg2 f5 39.
Nc3 Rd8 40. Rd1 1-0

[Event "Plymouth (MI Op/5/80)"]
[Site "?"]
[Date "1984.??.??"]
[Round "?"]
[White "Rankin, H.."]
[Black "Fawaz, Mohamad"]
[Result "1-0"]
[WhiteElo "1605"]
[BlackElo "1605"]
[PlyCount "55"]
[EventDate "1984.??.??"]

{5/(80)} 1. c4 e5 2. Nc3 d6 3. d3 Nf6 4. g3 Be6 5. Bg2 c6 6. Nf3 Be7 7. O-O O-O
8. b4 Ng4 9. h3 Nh6 10. Be3 Bf6 11. Ne4 d5 12. Nxf6+ Qxf6 13. Bg5 Qf5 14. g4
Nxg4 15. hxg4 Qxg4 16. Qd2 e4 17. Ne5 Qf5 18. Qf4 Qxf4 19. Bxf4 exd3 20. exd3
dxc4 21. Nxc4 Bxc4 22. dxc4 Na6 23. b5 Nb4 24. Bd6 Rfe8 25. Bxb4 cxb5 26. cxb5
Rab8 27. Rac1 Re2 28. Bd5 {[1-0, 37?]} 1-0

[Event "Plymouth (MI Op/2/48)"]
[Site "?"]
[Date "1984.??.??"]
[Round "?"]
[White "Rankin, H.."]
[Black "Current, R.."]
[Result "0-1"]
[WhiteElo "1605"]
[BlackElo "1800"]
[PlyCount "52"]
[EventDate "1984.??.??"]

{2/(48)} 1. c4 Nf6 2. Nc3 e6 3. g3 Bb4 4. Bg2 c5 5. a3 Ba5 6. Nf3 Nc6 7. O-O
O-O 8. d3 d6 9. e4 Bd7 10. Rb1 Rb8 11. Bd2 a6 12. Na2 Bxd2 13. Qxd2 b5 14. cxb5
axb5 15. Rfe1 e5 16. b4 cxb4 17. Nxb4 Qb6 18. a4 Nd4 19. axb5 Nxb5 20. Nd5 Nxd5
21. exd5 Qd8 22. d4 Bf5 23. Rb4 f6 24. dxe5 fxe5 25. Nh4 Nd4 26. Reb1 Bxb1 0-1

[Event "Plymouth (MI Op/2/33)"]
[Site "?"]
[Date "1984.??.??"]
[Round "?"]
[White "Prusaitis, William"]
[Black "Serlin, R.."]
[Result "1-0"]
[WhiteElo "1895"]
[BlackElo "1605"]
[PlyCount "63"]
[EventDate "1984.??.??"]

{2/(33)} 1. e4 e5 2. Nf3 Nc6 3. d4 exd4 4. c3 dxc3 5. Nxc3 d6 6. Bc4 Be7 7. O-O
Be6 8. Bxe6 fxe6 9. Qb3 Qd7 10. Qxb7 Rb8 11. Qa6 Nf6 12. Rd1 e5 13. a3 O-O 14.
Qc4+ Kh8 15. Ng5 Na5 16. Qe2 Qg4 17. Qxg4 Nxg4 18. Ne6 Nxf2 19. Rf1 Rf6 20.
Nxc7 Ng4 21. Rxf6 Nxf6 22. N3d5 Nxd5 23. Nxd5 Bd8 24. b4 Nb3 25. Rb1 Nxc1 26.
Rxc1 h6 27. Rc6 Bb6+ 28. Nxb6 Rxb6 29. Rxb6 axb6 30. a4 Kg8 31. a5 bxa5 32.
bxa5 1-0

[Event "East Detroit (MCO/2/24)"]
[Site "?"]
[Date "1984.??.??"]
[Round "?"]
[White "Prusaitis, William"]
[Black "Iverson, B.."]
[Result "1-0"]
[WhiteElo "1970"]
[BlackElo "1655"]
[PlyCount "70"]
[EventDate "1984.??.??"]

{2/(24)} 1. e4 b6 2. d4 Bb7 3. Nd2 e6 4. Ngf3 c5 5. Bd3 cxd4 6. Nxd4 Nf6 7. O-O
d5 8. e5 Nfd7 9. N2f3 Nc5 10. Bb5+ Nbd7 11. c3 a6 12. Bd3 Nxd3 13. Qxd3 Be7 14.
b4 b5 15. Be3 Nb6 16. Nxb5 Nc4 17. Nbd4 O-O 18. Nb3 Rc8 19. Bd4 a5 20. Nc5 Ba8
21. a3 Bc6 22. Qc2 Ra8 23. Nd2 Bg5 24. f4 Bh6 25. Nxc4 dxc4 26. Rad1 Qe7 27.
Qf2 f5 28. exf6 gxf6 29. Qg3+ Kh8 30. Rd2 Bxf4 31. Qxf4 e5 32. Re2 Rg8 33. Rff2
Rxg2+ 34. Rxg2 Bxg2 35. Bxe5 Qxe5 1-0

[Event "Plymouth (MI Op/6/11)"]
[Site "?"]
[Date "1984.??.??"]
[Round "?"]
[White "Prusaitis, William"]
[Black "Groeller, W.."]
[Result "0-1"]
[WhiteElo "1895"]
[BlackElo "2075"]
[PlyCount "112"]
[EventDate "1984.??.??"]

{6/(11)} 1. e4 c5 2. Nf3 Nc6 3. c3 d5 4. e5 Bf5 5. d4 e6 6. Bd3 Bxd3 7. Qxd3
Qb6 8. O-O cxd4 9. cxd4 Nge7 10. Nc3 Nf5 11. Be3 g6 12. Qb5 Be7 13. Qxb6 axb6
14. a3 Na5 15. Nd2 Kd7 16. Rac1 Rhc8 17. Na4 Bd8 18. Nc3 Rc6 19. Ne2 Rac8 20.
Rxc6 bxc6 21. g4 Nxe3 22. fxe3 Ke8 23. Rf3 Kf8 24. Kg2 Kg7 25. Kg3 Be7 26. Rf1
c5 27. Rc1 Rc6 28. Rc2 h6 29. h4 f6 30. exf6+ Bxf6 31. dxc5 bxc5 32. b4 cxb4
33. Rxc6 Nxc6 34. axb4 Nxb4 35. Nf3 Nc2 36. Nfd4 Bxd4 37. exd4 g5 38. hxg5 hxg5
39. Kf3 Kf6 40. Kf2 Ke7 41. Kg2 Kd7 42. Ng1 Nxd4 43. Nh3 e5 44. Nxg5 e4 45. Kf2
Ne6 46. Nh3 Kd6 47. g5 Ke5 48. g6 Kf5 49. Ng1 Kxg6 50. Ne2 Kf5 51. Ke3 Ke5 52.
Nc1 d4+ 53. Kd2 e3+ 54. Ke1 Nf4 55. Kd1 Ke4 56. Ke1 Nd3+ 0-1